[Event "Heusenstamm Schloss op"]
[Site "Heusenstamm"]
[Date "2022.11.20"]
[Round "7"]
[White "Kissel, Tom"]
[Black "Ahrends, Norbert"]
[Result "1-0"]
[WhiteElo "1660"]
[BlackElo "1919"]
[PlyCount "61"]
[EventDate "2022.11.17"]
[EventType "swiss"]
[EventRounds "7"]
[EventCountry "GER"]
[SourceTitle "CBM 212 Extra"]
[Source "ChessBase"]
[SourceDate "2023.03.31"]
[SourceVersion "1"]
[SourceVersionDate "2023.03.31"]
[SourceQuality "1"]

1. c4 e6 2. g3 d5 3. cxd5 exd5 4. d4 Nf6 5. e3 Bg4 6. Nf3 Nbd7 7. Bg2 c6 8. 0-0 Bd6 9. Qc2 0-0 10. Nbd2 Re8 11. Re1 Ne4 12. Nxe4 dxe4 13. Nd2 Bb4 14. Bxe4 Rxe4 15. Qxe4 Nf6 16. Qg2 Qd7 17. a3 Bh3 18. Qf3 Bg4 19. Qg2 Bh3 20. Qf3 Bg4 21. Qh1 Bxd2 22. Bxd2 Re8 23. Bc3 Qf5 24. f4 Qh5 25. Qg2 Bf3 26. Qf1 Ne4 27. Rec1 Nxg3 28. hxg3 Rxe3 29. Re1 Be2 30. Rxe2 Rxe2 31. Qxe2 1-0

[Event "Heusenstamm Schloss op"]
[Site "Heusenstamm"]
[Date "2022.11.19"]
[Round "5"]
[White "Kissel, Tom"]
[Black "Hilbenz, Guntram"]
[Result "1-0"]
[WhiteElo "1660"]
[BlackElo "1829"]
[PlyCount "49"]
[EventDate "2022.11.17"]
[EventType "swiss"]
[EventRounds "7"]
[EventCountry "GER"]
[SourceTitle "CBM 212 Extra"]
[Source "ChessBase"]
[SourceDate "2023.03.31"]
[SourceVersion "1"]
[SourceVersionDate "2023.03.31"]
[SourceQuality "1"]

1. c4 c6 2. g3 d5 3. cxd5 cxd5 4. d4 Nf6 5. Nc3 Nc6 6. Bg2 Bf5 7. Bf4 a6 8. Nf3 e6 9. Qb3 Be7 10. Qxb7 Na5 11. Qc7 0-0 12. 0-0 Rc8 13. Qxd8 Rfxd8 14. Nh4 Ne4 15. Nxf5 exf5 16. Rac1 Nc4 17. Nxe4 fxe4 18. Bh3 Rc6 19. b3 Na5 20. Rxc6 Nxc6 21. Bc7 Rf8 22. e3 f5 23. Rc1 Nb4 24. Be5 g6 25. Rc7 1-0

[Event "Heusenstamm Schloss op"]
[Site "Heusenstamm"]
[Date "2022.11.18"]
[Round "3"]
[White "Kissel, Tom"]
[Black "Buese, Ralf"]
[Result "1/2-1/2"]
[WhiteElo "1660"]
[BlackElo "1870"]
[PlyCount "50"]
[EventDate "2022.11.17"]
[EventType "swiss"]
[EventRounds "7"]
[EventCountry "GER"]
[SourceTitle "CBM 212 Extra"]
[Source "ChessBase"]
[SourceDate "2023.03.31"]
[SourceVersion "1"]
[SourceVersionDate "2023.03.31"]
[SourceQuality "1"]

1. c4 e6 2. g3 f5 3. Bg2 Nf6 4. Nc3 d5 5. cxd5 exd5 6. d4 c6 7. Nf3 Bd6 8. Bg5 0-0 9. 0-0 h6 10. Bxf6 Qxf6 11. Qb3 Kh8 12. e3 Nd7 13. a4 a5 14. Ne2 g5 15. Nc1 f4 16. exf4 gxf4 17. Nd3 Qg7 18. Qc3 Nf6 19. Nfe5 Ne4 20. Qc1 Bxe5 21. dxe5 f3 22. Bh1 Bh3 23. Re1 Ng5 24. Qe3 Rae8 25. Nf4 Bg4 1/2-1/2

[Event "Regionalliga Nord-West 1718"]
[Site "Bayern"]
[Date "2018.01.21"]
[Round "5.8"]
[White "Kuespert, Helmut"]
[Black "Kissel, Tom"]
[Result "1-0"]
[WhiteElo "1935"]
[BlackElo "1687"]
[PlyCount "44"]
[EventDate "2017.10.22"]
[EventType "team-tourn"]
[EventRounds "9"]
[EventCountry "GER"]
[SourceTitle "EXT 2022"]
[Source "ChessBase"]
[SourceDate "2021.10.06"]
[SourceVersion "1"]
[SourceVersionDate "2021.10.06"]
[SourceQuality "1"]
[WhiteTeam "Marktleuthen"]
[BlackTeam "Sailauf"]
[WhiteTeamCountry "GER"]
[BlackTeamCountry "GER"]

1. e4 e5 2. Bc4 Nf6 3. d4 exd4 4. Nf3 Nc6 5. 0-0 d5 6. exd5 Nxd5 7. Ng5 Be6 8. Re1 Qd7 9. Nxf7 Be7 10. Nxh8 0-0-0 11. Qe2 Bg8 12. Bd2 Qf5 13. Bd3 Qf6 14. Qg4+ Kb8 15. Na3 Ne5 16. Qg3 Nxd3 17. Qxd3 Be6 18. Rxe6 Qxe6 19. Qxh7 Qe2 20. Be1 Re8 21. g3 Qg4 22. Qg6 Qf3 1-0